| 000 | 00908cam a22002777a 4500 | ||
|---|---|---|---|
| 008 | 160803s1996 io f000 1 ind | ||
| 010 | _a 2005406086 | ||
| 020 | _a9796854805 | ||
| 040 |
_aEG-GiCUC _bind _cEG-GiCUC |
||
| 092 | 0 | 4 |
_a398.232598 _bM943 _221 |
| 099 |
_a04 _a398.232598 M943 |
||
| 100 | 1 | _aMuda, Hasyim Sri. | |
| 245 | 1 | 0 |
_aRaja Bulbul dan burung Kakatua / _ceditor, Dendy Sugono, Abdul Rozak Zaidan. |
| 260 |
_aJakarta : _bPusat Bahasa, Departemen Pendidikan Nasional, _c2005. |
||
| 300 |
_a65 p. ; _c18 cm. |
||
| 500 | _aShort stories. | ||
| 650 | 0 |
_aFairy tales _zIndonesia. |
|
| 650 | 0 |
_aFolklore _zIndonesia. |
|
| 650 | 0 |
_aIndonesian fiction _y20th century. |
|
| 650 | 0 |
_aShort stories, Indonesian _y20th century. |
|
| 902 | _a5 | ||
| 905 |
_aEman _eRev. |
||
| 905 |
_aJamal _eCat. |
||
| 942 |
_2ddc _cBK |
||
| 999 |
_c144309 _d144309 |
||